[Event "Algiers Selection op"]
[Site "Algiers"]
[Date "2020.03.13"]
[Round "7"]
[White "Hamoudi, Ahmed"]
[Black "Djeddi, Mohamed"]
[Result "0-1"]
[WhiteElo "1937"]
[BlackElo "1844"]
[PlyCount "46"]
[EventDate "2020.03.13"]
[EventType "swiss"]
[EventRounds "7"]
[EventCountry "ALG"]
[SourceTitle "CBM 195 Extra"]
[Source "ChessBase"]
[SourceDate "2020.05.31"]
[SourceVersion "1"]
[SourceVersionDate "2020.05.31"]
[SourceQuality "1"]

1. c4 e5 2. Nc3 Nf6 3. g3 d5 4. cxd5 Nxd5 5. Bg2 Be6 6. d3 Bc5 7. Nf3 Nc6 8. 0-0 0-0 9. Ng5 Nxc3 10. bxc3 Bc8 11. Ne4 Bb6 12. Ba3 Re8 13. e3 Na5 14. d4 Bf5 15. Nd2 Qd7 16. Re1 Bh3 17. Bh1 Rad8 18. Nb3 Qa4 19. Bb4 exd4 20. Nxa5 dxe3 21. Qe2 exf2+ 22. Qxf2 Bxf2+ 23. Kxf2 Qc2+ 0-1

[Event "ALG Cup"]
[Site "Bejaia"]
[Date "2020.02.28"]
[Round "3"]
[White "Hamoudi, Ahmed"]
[Black "Rahem, Samy"]
[Result "1-0"]
[WhiteElo "1924"]
[BlackElo "1235"]
[PlyCount "38"]
[EventDate "2020.02.27"]
[EventType "swiss"]
[EventRounds "7"]
[EventCountry "ALG"]
[SourceTitle "CBM 195 Extra"]
[Source "ChessBase"]
[SourceDate "2020.05.31"]
[SourceVersion "1"]
[SourceVersionDate "2020.05.31"]
[SourceQuality "1"]

1. c4 e5 2. e4 Nf6 3. d3 c5 4. f4 d6 5. Nf3 Nc6 6. Be2 Be7 7. 0-0 0-0 8. Kh1 Bg4 9. h3 Bxf3 10. Bxf3 Nd4 11. Nc3 h6 12. g4 Re8 13. g5 hxg5 14. fxg5 Nd7 15. h4 Bf8 16. Nd5 Qc8 17. Bh5 g6 18. Bg4 Qd8 19. Bxd7 Kh8 1-0

[Event "ALG-ch"]
[Site "Ain Tagoura"]
[Date "2020.02.07"]
[Round "7"]
[White "Azreug, Lazhar"]
[Black "Hamoudi, Ahmed"]
[Result "0-1"]
[WhiteElo "1696"]
[BlackElo "1924"]
[PlyCount "94"]
[EventDate "2020.02.04"]
[EventType "swiss"]
[EventRounds "9"]
[EventCountry "ALG"]
[SourceTitle "CBM 194 Extra"]
[Source "ChessBase"]
[SourceDate "2020.03.31"]
[SourceVersion "1"]
[SourceVersionDate "2020.03.31"]
[SourceQuality "1"]

1. e4 g6 2. d4 Bg7 3. Nf3 d6 4. c4 Nd7 5. Nc3 e5 6. Be3 Ngf6 7. dxe5 dxe5 8. Be2 c6 9. Qd2 Qa5 10. 0-0 Ng4 11. a3 Nxe3 12. Qxe3 Qc7 13. b4 0-0 14. Rfd1 Re8 15. c5 Nf8 16. Bc4 Be6 17. Nd2 f5 18. Qh3 Qf7 19. Qd3 Rad8 20. Qf1 Rd4 21. Bxe6 Nxe6 22. Nc4 Bf8 23. Nxe5 Qg7 24. f4 Rxd1 25. Rxd1 Nxf4 26. Qc4+ Ne6 27. Nf3 Kh8 28. exf5 gxf5 29. Ne2 Nc7 30. Ng3 Qf6 31. Qd4 Qxd4+ 32. Rxd4 Nd5 33. Nxf5 Re6 34. Kf2 b6 35. cxb6 axb6 36. Rd1 Rf6 37. g4 h5 38. h3 hxg4 39. hxg4 Nc3 40. Rd8 Kh7 41. Ne5 Bd6 42. Nd7 Rf7 43. Nxb6 Bc7 44. Rc8 Bxb6+ 45. Ke1 Rf6 46. Kd2 Nb1+ 47. Kc1 Nxa3 0-1